| 000 | 00366nam a2200145Ia 4500 | ||
|---|---|---|---|
| 008 | 230312s9999||||xx |||||||||||||| ||und|| | ||
| 020 | _a0-07-182635-8 | ||
| 082 |
_a615.1 _bTER-K |
||
| 100 | _aTrevor;Anthony.J | ||
| 245 | 0 | _aKatzung & Trevor's Pharmacology | |
| 260 |
_bMcGraw Hill _aAmerica _c2015 |
||
| 300 | _a586 | ||
| 650 |
_aMedical _vPharmacology |
||
| 942 | _cBK | ||
| 999 |
_c6398 _d6398 |
||